Quizzes
Events
Quiz Creation
Community
Videos
Private Events
Remove Ads
Sign In
Join for FREE
Feedback
Dark Mode
Quiz Categories
Sports
Geography
Music
Movies
Television
Just For Fun
Miscellaneous
History
Literature
Language
Science
Gaming
Entertainment
Religion
Holiday
For Kids
Quiz Lab
Recent
Popular Today
Quiz Kudos Today
Editor Picks
Curator Picks
Quizzes by...
Day
Popularity
Type
Ratings
Length
Year
Community
Subscriptions
Recent Discussions
Orange Saloon
Badges
Playlists
Quests
Create
Leaderboards
Showdown
Live 5
Trivia Bingo
Activity
Puzzle Library
Sporcle Events
Private Events
Virtual Trivia
Globe League
Become a Host
Pub Owners
SporcleCon
Opinionation
Our Games
Videos
Blog
Mobile Apps
Partnerships
Remove Ads and Go Orange
Feedback
Music
Pop Music
The Beatles
Song
Album
Lyrics
Bands
Singers
Artist
Clip
Rock
Rap
Classical
Billboard
Country Music
Kpop
Taylor Swift
Music
Pop Music
The Beatles
Song
Album
Lyrics
Bands
Singers
Artist
Clip
Rock
Rap
Classical
Billboard
Country Music
Kpop
Taylor Swift
Random Quiz
Search Sporcle
×
Quiz Lab
Quiz Lab
Music
Kpop
Type answers based on single images at one time
Type answers based on single images at one time
Slideshow
Best Score? Go Orange.
Know the Produce 101 Trainees pt. 1 Stats
Can you name the Produce 101 trainees?
By
SporcleEXP
20m
51 Questions
433 Plays
433 Plays
433 Plays
Comments
Comments
Give Quiz Kudos
Give Quiz Kudos
-
- Ratings
hide this ad
Replay
Link that replays current quiz
Next Quiz
Link to next quiz in quiz playlist
You Got
0%
They Got
Avg Score
42%
Avg Friend Score
Upgrade to see
Score Distribution
Jump to the score distribution portion of the page
Score
0/51
Timer
20:00
0
Plays Today
% Correct
Kim Samuel
95.4%
Choi Minki
90.5%
Lee Daehwi
87.8%
Kang Daniel
86.1%
Hwang Minhyun
83.1%
Kang Dongho
82.9%
Kim Jonghyeon
80.6%
Bae Jinyoung
79%
Noh Taehyun
74.1%
Yoon Jiseong
66.3%
Park Woodam
65.4%
Park Woojin
64.4%
Jung Sewoon
61.9%
Im Youngmin
60.7%
Ha Sengun
59.4%
Kim Donghyun
57.7%
Ha Minho
55.2%
Woo Jinyoung
54.5%
Kim Taedong
50.8%
Kim Donghan
46.2%
Lee Gwanghyun
45.7%
Kim Taemin
43.4%
Kim Seong Lee
39.7%
Byun Hyunmin
38.6%
Park Sungwoo
38.1%
Seong Hyunwoo
35.1%
% Correct
Joo Jinwoo
33.3%
Choi Hadon
33%
Seo Sunghyuk
32.1%
Lee Youjin
30.5%
Kim Chanyul
30.5%
Kim Yehyeon
27.7%
Choi Taewoong
26.1%
Ju Wontak
25.4%
Kim Jaehan
24.9%
Jeong Joongji
23.8%
Jang Daehyeon
23.1%
Jeon Sihyun
19.6%
Park Heeseok
19.2%
Yoon Jaechan
18.9%
Jeong Woncheol
18%
Jo Yonggeun
15.2%
Wang Minhyeok
15%
Jo Sungwook
13.9%
Kim Yeonkuk
12.9%
Kim Dohyun
11.5%
Yoo Kyoungmok
11.3%
Nam Yoonsung
11.3%
Cho Jinhyung
10.6%
Choi Heesoo
9.9%
Yu Hoyeon
9.5%
Quiz Playlist
Details
Report
Send in Message
Add To Playlist
Slideshow:
Type answers based on single images at one time
Last Updated: Jul 22, 2017
Quiz Scoreboard
CHALLENGE
Sign Up to Join the Scoreboard
Show All
Scores
Hide
Comments
May contain spoilers
Recently Published
1-10 Letter E Words III
by El_Dandy
Language
2m
One Thing in Common: World Cities II
by knightlancer
Geography
7m
Popular People in 1961
by mucciniale
History
6m
More to Explore
Quiz From the Vault
Featured Blog Post
Where Did the Easter Bunny Come From?
hide this ad
You Might Also Like...
Tags
Kpop Quiz
Kpop Idol
Kpop Quiz
Produce 101
Today's Top Quizzes in Music
Browse Music
hide this ad
Today's Top Quizzes in Kpop
Browse Kpop
Top Contributed Quizzes in Music
1
Taylor Swift All Songs (2024)
2
2010s Album by Cover III
3
Taylor Swift Logic Puzzle
4
One Thing in Common: Music
5
Guess the Artist- 70s Songs
6
Guess the Taylor Swift song (Mystery Song)
7
2010s Album by Cover V
8
2010s Album by Cover IV
9
Lana Del Rey Discography (BTD to DYKTTATUOB)
10
KPOP LOGIC QUIZ
Explore More
Trending Topics
NBA
Harry Potter
Kpop
Marvel
Anime
Disney
Crossword
Pokémon
Soccer
Country
NFL
Song
The Office
WWE
Puzzle
hide this ad
More By:
SporcleEXP
Quiz
Plays
Rating
Category
Featured
Created
Harry Potter Deaths in Order Minefield
3,067,941
4.18
Literature
Jan 27, 2016
Sins, Dwarfs, and Spice Girls
847,245
4.42
Just For Fun
Apr 11, 2012
Ancient History Bunker
708,007
4.28
History
Jan 20, 2014
Movie Posters VI
678,966
4.37
Movies
Nov 12, 2010
Movie Posters VII
621,792
4.44
Movies
Apr 16, 2011
Go to Creator's Profile
Score Distribution
Quiz Creator Spotlight
SporcleEXP
Follow
Send a Message
Quizzes Created
-
Created Quiz Play Count
-
More By This Creator
Popular Quizzes Today
1
Find the US States - No Outlines Minefield
2
Find the Countries of Europe - No Outlines Minefield
3
The Countries of the World
4
Popular People in 1961
5
1-10 Letter E Words III
6
Find the US States
7
One Thing in Common: World Cities II
8
US States
More Music Quizzes
'M' Albums by 3 Singles
Published
Trending Quizzes
Risky Map Clicking: Least Populous States A-Z
1-10 Letter F Words
1-10 Letter G Words
One Thing in Common: United Kingdom
Risky Map Clicking: Biggest States A-Z
Recently Updated
Leaping Animals
pecheneg
Reality TV Shows (A-Z)
bhenderson79
Rickey Henderson's Hall of Fame Teammates
pecheneg
Champions League XIs: Arsenal
pecheneg
Quick Pick: Celebrities in WWE's Hall of Fame
aduchscher
A-Z Keypad Blitz II
pecheneg
Multiple Oscar Actors
pecheneg
Mystery Phrase Blitz: Oscar 'Best Actors'
pecheneg
F. Scott Fitzgerald Novels
LTH
Pick 3 Villains
ddd62291
Trending Topics
Disney
Harry Potter
NBA
Crossword
Anime
Kpop
Marvel
NFL
Country
Puzzle
Pokémon
WWE
Soccer
Song
The Office
Your Account Isn't Verified!
In order to create a playlist on Sporcle, you need to verify the email address you used during registration. Go to your
Sporcle Settings
to finish the process.
Report this User
Report this user for behavior that violates our
Community Guidelines
.
Details:
Send Report
Go to the Sporcle.com Mobile Site →
Comments